Filosofía del lenguaje : ensayos / Karl Vossler ; traducción de A. A. y R. L. ensayos / Karl Vossler ; traducción de A. A. y R. L.
Publicado:
Madrid :
Consejo Superior de Investigaciones Científicas, Patronato Menéndez y Pelayo, Instituto Antonio de Nebrija ,
1940
Descripción Física:
274 p., [1] f. ; 21 cm
Materias:
Llenguatge i llengües -- Filosofia
MARC
| LEADER | 00000nam a2200000Ia 4500 | ||
|---|---|---|---|
| 001 | 746 | ||
| 003 | BGR | ||
| 005 | 20260324175312.0 | ||
| 008 | 160829s1940 xx 000 0 cat d | ||
| 080 | |a F-1-8 | ||
| 100 | |a Vossler, Karl |9 25665 | ||
| 245 | |a Filosofía del lenguaje : |b ensayos / Karl Vossler ; traducción de A. A. y R. L. | ||
| 260 | |a Madrid : |b Consejo Superior de Investigaciones Científicas, Patronato Menéndez y Pelayo, Instituto Antonio de Nebrija, |c 1940 | ||
| 300 | |a 274 p., [1] f. ; |c 21 cm | ||
| 650 | |a Llenguatge i llengües |x Filosofia |9 27177 | ||
| 700 | 1 | |a Alonso, Amado |9 25667 | |
| 700 | |a Lida, Raimundo |9 25668 | ||
| 710 | 2 | |a Instituto Antonio de Nebrija |9 71139 | |
| 901 | |a Arxiu | ||
| 942 | |n 1 |2 udc |c MON | ||
| 952 | |0 0 |1 0 |4 0 |6 F18 |7 1 |9 43726 |a Arxiu |b Arxiu |d 2016-12-01 |l 0 |o F-1-8 |p 746 |r 2016-12-01 00:00:00 |w 2016-12-01 |y ARXIU | ||
| 999 | |c 46274 |d 46274 | ||